[Event "CXU Obro Nytaar 2012"]
[Site "Copenhagen"]
[Date "2012.12.30"]
[Round "6"]
[White "Nohr, Finn"]
[Black "Nilssen, Ellen Fredericia"]
[Result "1-0"]
[WhiteElo "2087"]
[BlackElo "1225"]
[PlyCount "51"]
[EventDate "2012.??.??"]
[EventType "swiss"]
[EventRounds "7"]

1. e4 e6 2. d4 d5 3. Nc3 dxe4 4. Nxe4 Be7 5. Nf3 Nf6 6. Nxf6+ Bxf6 7. c3 O-O 8.
Bd3 Bd7 9. Qc2 h6 10. Bf4 Re8 11. O-O-O Nc6 12. Rde1 a5 13. h4 Be7 14. Qe2 Bd6
15. Ne5 f5 16. g4 Ne7 17. g5 Bxe5 18. Bxe5 hxg5 19. Qh5 Nc6 20. hxg5 Nxe5 21.
Rxe5 Bc6 22. Rh2 Kf8 23. Qg6 Qd7 24. Bc4 Qf7 25. Rh8+ Ke7 26. Rxe6+ 1-0

[Event "CXU Obro Nytaar 2012"]
[Site "Copenhagen"]
[Date "2012.12.30"]
[Round "6"]
[White "Vesterli, Michael E"]
[Black "Percivaldi, Martin"]
[Result "1/2-1/2"]
[WhiteElo "1966"]
[BlackElo "2060"]
[PlyCount "49"]
[EventDate "2012.??.??"]
[EventType "swiss"]
[EventRounds "7"]

1. d4 d5 2. c4 c6 3. Nf3 Nf6 4. Nc3 e6 5. Bg5 Nbd7 6. e3 Qa5 7. Nd2 Bb4 8. Qc2
dxc4 9. Bxf6 Nxf6 10. Bxc4 O-O 11. O-O Rd8 12. a3 Be7 13. b4 Qc7 14. Nf3 a5 15.
Qb3 Nd5 16. Nxd5 cxd5 17. Be2 Qb6 18. Rab1 axb4 19. Ne5 Bd7 20. axb4 Ba4 21.
Qb2 Rdc8 22. Rfc1 Bb5 23. Rxc8+ Rxc8 24. Nd3 Bxd3 25. Bxd3 1/2-1/2

[Event "CXU Obro Nytaar 2012"]
[Site "Copenhagen"]
[Date "2012.12.30"]
[Round "6"]
[White "Wilbrandt, Simon Pil"]
[Black "Larsen, Arne Walther"]
[Result "1-0"]
[WhiteElo "2035"]
[BlackElo "1780"]
[PlyCount "83"]
[EventDate "2012.??.??"]
[EventType "swiss"]
[EventRounds "7"]

1. d4 Nf6 2. c4 c5 3. d5 b5 4. Qc2 g6 5. e4 d6 6. cxb5 a6 7. a4 Bg7 8. Nc3 O-O
9. Nf3 axb5 10. Bxb5 Na6 11. O-O Nb4 12. Qe2 Ba6 13. Ra3 Nd7 14. Bxa6 Rxa6 15.
Nb5 Qb6 16. Nd2 Rfa8 17. b3 Qb8 18. Nc4 Ne5 19. Nxe5 Bxe5 20. Bb2 Bxb2 21. Qxb2
Rb6 22. f4 Qb7 23. Raa1 Rb8 24. f5 Nd3 25. Qd2 Ne5 26. fxg6 fxg6 27. Rac1 Ra6
28. Qc3 Qb6 29. Kh1 Raa8 30. Rf4 Rf8 31. Rcf1 Rxf4 32. Rxf4 Rc8 33. Qh3 Rf8 34.
Qe6+ Rf7 35. Rxf7 Nxf7 36. e5 c4 37. Qc8+ Kg7 38. Qxc4 Qf2 39. Qc1 Nxe5 40. Nc7
Nd3 41. Ne6+ Kg8 42. Qc8+ 1-0

[Event "CXU Obro Nytaar 2012"]
[Site "Copenhagen"]
[Date "2012.12.30"]
[Round "6"]
[White "Nielsen, Klaus"]
[Black "Holst, Lasse"]
[Result "1/2-1/2"]
[WhiteElo "2095"]
[BlackElo "2004"]
[PlyCount "85"]
[EventDate "2012.??.??"]
[EventType "swiss"]
[EventRounds "7"]

1. Nf3 d5 2. b3 Nf6 3. Bb2 e6 4. e3 Be7 5. d4 O-O 6. Nbd2 Nbd7 7. Bd3 c5 8. O-O
Re8 9. Ne5 Nf8 10. f4 Rb8 11. Qf3 Qa5 12. Rf2 cxd4 13. Bxd4 Bb4 14. Rd1 Bc3 15.
Bxc3 Qxc3 16. e4 Ng6 17. Nxg6 hxg6 18. e5 Nd7 19. Qg4 Nc5 20. Nf3 Nxd3 21. Rxd3
Qa5 22. Qh4 Bd7 23. c3 Bb5 24. Re3 Rbc8 25. Rc2 Qb6 26. Nd4 Qxd4 27. cxd4 Rxc2
28. Rh3 Kf8 29. Qh8+ Ke7 30. Qxg7 Rf8 31. Qf6+ Ke8 32. a4 Rc1+ 33. Kf2 Rc2+ 34.
Kg3 Bf1 35. Kh4 Bxg2 36. Rg3 Be4 37. h3 Bf5 38. Kg5 Kd7 39. Qg7 Ke7 40. Qf6+
Kd7 41. Qg7 Ke7 42. Qf6+ Kd7 43. Qg7 1/2-1/2

[Event "CXU Obro Nytaar 2012"]
[Site "Copenhagen"]
[Date "2012.12.30"]
[Round "6"]
[White "Brondum, Eric"]
[Black "Hansen, Rasmus Agertoft"]
[Result "1/2-1/2"]
[WhiteElo "2089"]
[BlackElo "1982"]
[PlyCount "26"]
[EventDate "2012.??.??"]
[EventType "swiss"]
[EventRounds "7"]

1. d4 e6 2. e4 d5 3. e5 c5 4. c3 Nc6 5. Nf3 Bd7 6. Be2 Qb6 7. O-O Nh6 8. b3
cxd4 9. cxd4 Nf5 10. Be3 Rc8 11. g4 Nxe3 12. fxe3 h6 13. a3 Nb8 1/2-1/2

[Event "CXU Obro Nytaar 2012"]
[Site "Copenhagen"]
[Date "2012.12.30"]
[Round "7"]
[White "Hector, Jonny"]
[Black "Nilssen, John Arni"]
[Result "1/2-1/2"]
[WhiteElo "2539"]
[BlackElo "2363"]
[PlyCount "60"]
[EventDate "2012.??.??"]
[EventType "swiss"]
[EventRounds "7"]

1. e4 c5 2. Nf3 Nc6 3. Nc3 e5 4. Bc4 Be7 5. d3 Nf6 6. Nd2 O-O 7. Nf1 d6 8. Ne3
Be6 9. O-O Nd7 10. a3 Nb6 11. Ncd5 Nxc4 12. dxc4 Bg5 13. Qd3 Kh8 14. Bd2 a6 15.
Rad1 Nd4 16. c3 Nb3 17. Be1 Bd7 18. Qc2 Ba4 19. Qe2 Na5 20. Rd2 Bb3 21. g3 Bxe3
22. Nxe3 Re8 23. f4 Qd7 24. g4 exf4 25. Rxf4 Re5 26. Qf1 Qe6 27. Rxf7 Rxe4 28.
Rf8+ Rxf8 29. Qxf8+ Qg8 30. Qf3 Rxe3 1/2-1/2

[Event "CXU Obro Nytaar 2012"]
[Site "Copenhagen"]
[Date "2012.12.30"]
[Round "7"]
[White "Porte, Henrik"]
[Black "Stojanovski, Sandi"]
[Result "1/2-1/2"]
[WhiteElo "2156"]
[BlackElo "2217"]
[PlyCount "195"]
[EventDate "2012.??.??"]
[EventType "swiss"]
[EventRounds "7"]

1. d4 Nf6 2. c4 e6 3. Nc3 Bb4 4. Qc2 Nc6 5. Nf3 d5 6. Bg5 h6 7. Bxf6 Qxf6 8. e3
O-O 9. Bd3 dxc4 10. Bxc4 e5 11. d5 e4 12. dxc6 exf3 13. gxf3 Qxc6 14. Qb3 Be6
15. Bxe6 Bxc3+ 16. Qxc3 Qxc3+ 17. bxc3 fxe6 18. Ke2 Rad8 19. Rhd1 Kf7 20. Rab1
Rxd1 21. Rxd1 Ke7 22. f4 Rf5 23. Rg1 Kf6 24. Rb1 b6 25. c4 Rc5 26. Rc1 b5 27.
Kd3 b4 28. f3 Ra5 29. Rc2 c5 30. Ke4 Ra3 31. f5 exf5+ 32. Kd5 Rxe3 33. f4 Rf3
34. Kxc5 Rxf4 35. Kc6 Rd4 36. c5 Rd3 37. Rc4 Rc3 38. Rxb4 g5 39. Kd5 f4 40. c6
f3 41. Kd6 Rc1 42. Rb2 g4 43. c7 h5 44. Kd7 h4 45. Rf2 Kg5 46. h3 Kf4 47. hxg4
Kxg4 48. Rf1 Rc2 49. Rg1+ Kf4 50. Rg6 f2 51. Rf6+ Kg3 52. Rg6+ Kh2 53. Rf6 Rd2+
54. Ke7 Re2+ 55. Kd7 Rd2+ 56. Ke7 Rc2 57. Rxf2+ Rxf2 58. c8=Q h3 59. Qg4 Rg2
60. Qd1 Rxa2 61. Qd6+ Kh1 62. Qd5+ Rg2 63. Qd1+ Kh2 64. Qd6+ Rg3 65. Qd2+ Rg2
66. Qd6+ Kh1 67. Qd1+ Rg1 68. Qd5+ Kh2 69. Qd2+ Kh1 70. Qd5+ Rg2 71. Qd1+ Rg1
72. Qd5+ Kh2 73. Qd2+ Kg3 74. Qe3+ Kg2 75. Qe2+ Kh1 76. Qe4+ Kh2 77. Qe2+ Kg3
78. Qe3+ Kg2 79. Qe2+ Kh1 80. Qe4+ Rg2 81. Qe1+ Kh2 82. Qe5+ Rg3 83. Qe2+ Kh1
84. Qe1+ Kg2 85. Qe2+ Kh1 86. Qe1+ Rg1 87. Qe4+ Kh2 88. Qe2+ Kg3 89. Qe3+ Kg2
90. Qe2+ Kh1 91. Qe4+ Rg2 92. Qe1+ Kh2 93. Qe5+ Kh1 94. Qe1+ Kh2 95. Qe5+ Rg3
96. Qe2+ Kh1 97. Qe1+ Rg1 98. Qe4+ 1/2-1/2

[Event "CXU Obro Nytaar 2012"]
[Site "Copenhagen"]
[Date "2012.12.30"]
[Round "7"]
[White "Rosenkilde, Alexander"]
[Black "Rostgaard, Tobias Valentin"]
[Result "1-0"]
[WhiteElo "2246"]
[BlackElo "2223"]
[PlyCount "87"]
[EventDate "2012.??.??"]
[EventType "swiss"]
[EventRounds "7"]

1. d4 d5 2. c4 c6 3. Nf3 Nf6 4. e3 g6 5. Nc3 Bg7 6. Be2 O-O 7. O-O dxc4 8. Bxc4
Bg4 9. h3 Bxf3 10. Qxf3 Nbd7 11. Rd1 Qb6 12. e4 e5 13. d5 Qb4 14. b3 cxd5 15.
Nxd5 Nxd5 16. Bxd5 Nf6 17. a3 Qe7 18. Bg5 Rad8 19. Bxf6 Bxf6 20. Bxb7 Rxd1+ 21.
Rxd1 Qxb7 22. Qxf6 Qxe4 23. Rd7 a5 24. Kh2 Qf4+ 25. Qxf4 exf4 26. Rd4 Rb8 27.
b4 axb4 28. Rxb4 Ra8 29. a4 g5 30. h4 f6 31. Kh3 Kg7 32. Kg4 Ra5 33. Kh5 Ra7
34. hxg5 Ra5 35. Rxf4 Rxg5+ 36. Kh4 h5 37. Kh3 Kg6 38. Rb4 Rd5 39. Rb3 Rd2 40.
Ra3 Rxf2 41. a5 Re2 42. a6 Re8 43. a7 Ra8 44. Ra5 1-0

[Event "CXU Obro Nytaar 2012"]
[Site "Copenhagen"]
[Date "2012.12.30"]
[Round "7"]
[White "Thuesen, Mogens Henrik"]
[Black "Christensen, Bo Garner"]
[Result "1-0"]
[WhiteElo "2215"]
[BlackElo "2240"]
[PlyCount "81"]
[EventDate "2012.??.??"]
[EventType "swiss"]
[EventRounds "7"]

1. d4 f5 2. e4 fxe4 3. Nc3 Nf6 4. Bg5 g6 5. f3 e3 6. Qd3 Bg7 7. O-O-O a6 8.
Qxe3 b5 9. Bh6 O-O 10. Bxg7 Kxg7 11. h4 Bb7 12. Bd3 b4 13. Nce2 Nc6 14. h5 e6
15. hxg6 h5 16. Nh3 Nd5 17. Qd2 Qf6 18. Ng5 Nxd4 19. Nxd4 Qxd4 20. Rxh5 Rh8 21.
Rh7+ Rxh7 22. gxh7 Qh4 23. Be4 c5 24. g3 Qxg3 25. Rh1 Rh8 26. Nh3 Kf7 27. Rg1
Qe5 28. Qg2 Qd4 29. Qg8+ Ke7 30. Qg7+ Qxg7 31. Rxg7+ Kf8 32. Rxd7 Bc6 33. Ra7
Ne7 34. Ng5 Bxe4 35. fxe4 Kg7 36. Rxe7+ Kf6 37. Rxe6+ Kxg5 38. Re7 Kf4 39. Kd2
c4 40. Ke2 a5 41. b3 1-0

[Event "CXU Obro Nytaar 2012"]
[Site "Copenhagen"]
[Date "2012.12.30"]
[Round "7"]
[White "Haubro, Martin"]
[Black "Koskela, Niina"]
[Result "1-0"]
[WhiteElo "2161"]
[BlackElo "2211"]
[PlyCount "65"]
[EventDate "2012.??.??"]
[EventType "swiss"]
[EventRounds "7"]

1. e4 e5 2. Nf3 Nc6 3. Bc4 Bc5 4. O-O Nf6 5. d3 a6 6. c3 Ba7 7. h3 O-O 8. Re1
d6 9. Bb3 h6 10. Nbd2 Nh5 11. Nf1 Qf6 12. Be3 Nf4 13. Bxf4 Qxf4 14. Ne3 Ne7 15.
d4 Qf6 16. dxe5 dxe5 17. Nh2 Kh8 18. Qh5 Ng6 19. Nhg4 Qg5 20. Qxg5 hxg5 21.
Rad1 f6 22. Rd2 Nf4 23. Nf5 Bc5 24. Red1 Ne6 25. Bc4 g6 26. Nfe3 c6 27. b4 Be7
28. Rd7 Bxd7 29. Rxd7 Ng7 30. Rxe7 b5 31. Bf7 Nh5 32. Bxg6 Nf4 33. Rh7+ 1-0

[Event "CXU Obro Nytaar 2012"]
[Site "Copenhagen"]
[Date "2012.12.30"]
[Round "7"]
[White "Pedersen, Thomas Vils"]
[Black "Wilbrandt, Simon Pil"]
[Result "1/2-1/2"]
[WhiteElo "2021"]
[BlackElo "2035"]
[PlyCount "66"]
[EventDate "2012.??.??"]
[EventType "swiss"]
[EventRounds "7"]

1. d4 Nf6 2. Nf3 g6 3. c4 Bg7 4. g3 d5 5. cxd5 Nxd5 6. Bg2 Nb6 7. Nc3 O-O 8.
O-O Nc6 9. e3 Re8 10. d5 Na5 11. Nd4 e5 12. Nde2 Nac4 13. b3 Nd6 14. Bb2 a5 15.
a4 Nd7 16. Rc1 b6 17. Nb5 Nxb5 18. axb5 Ra7 19. Nc3 Nc5 20. Ba3 Nb7 21. Qc2 Nd6
22. Rfd1 Bd7 23. Bf1 h5 24. Bxd6 cxd6 25. h4 Qe7 26. Na4 Rb7 27. Qd2 Bf6 28.
Be2 Kg7 29. Kg2 e4 30. Rc6 Reb8 31. Rdc1 Be5 32. Qc2 f5 33. Rc7 Kh6 1/2-1/2

[Event "CXU Obro Nytaar 2012"]
[Site "Copenhagen"]
[Date "2012.12.30"]
[Round "7"]
[White "Hansen, Mads"]
[Black "Stolberg Rohr, Thomine"]
[Result "1/2-1/2"]
[WhiteElo "2328"]
[BlackElo "2029"]
[PlyCount "69"]
[EventDate "2012.??.??"]
[EventType "swiss"]
[EventRounds "7"]

1. e4 e5 2. Nf3 Nc6 3. Bb5 a6 4. Ba4 Nf6 5. O-O Be7 6. Re1 b5 7. Bb3 O-O 8. c3
d5 9. exd5 Nxd5 10. Nxe5 Nxe5 11. Rxe5 c6 12. d4 Bd6 13. Re1 Qh4 14. g3 Qh3 15.
Be3 Bg4 16. Qd3 Rae8 17. Nd2 Kh8 18. Bd1 Re6 19. Bxg4 Qxg4 20. Qf1 f5 21. f3
Qh5 22. Bf2 Rh6 23. Qg2 Rg6 24. Kh1 Nf4 25. Qf1 Nh3 26. f4 Nxf4 27. Be3 Nd5 28.
Qf3 Qh3 29. Bf4 Bxf4 30. gxf4 Qh4 31. Re5 Rh6 32. Nf1 Nxf4 33. Rae1 g5 34. Re8
Rhf6 35. Ng3 1/2-1/2

[Event "CXU Obro Nytaar 2012"]
[Site "Copenhagen"]
[Date "2012.12.30"]
[Round "7"]
[White "Christensen, Christian Sylvester"]
[Black "Petersen, Nils"]
[Result "1/2-1/2"]
[WhiteElo "2009"]
[BlackElo "1799"]
[PlyCount "28"]
[EventDate "2012.??.??"]
[EventType "swiss"]
[EventRounds "7"]

1. Nf3 c5 2. c4 Nc6 3. Nc3 g6 4. g3 Bg7 5. Bg2 Nf6 6. d4 cxd4 7. Nxd4 O-O 8.
O-O a6 9. Nc2 d6 10. Qd2 Be6 11. Ne3 Rc8 12. b3 Qa5 13. Bb2 b5 14. cxb5 axb5
1/2-1/2

[Event "CXU Obro Nytaar 2012"]
[Site "Copenhagen"]
[Date "2012.12.30"]
[Round "7"]
[White "Petersen, Martin Reib"]
[Black "Skjoldager, Per"]
[Result "1/2-1/2"]
[WhiteElo "1949"]
[BlackElo "2111"]
[PlyCount "72"]
[EventDate "2012.??.??"]
[EventType "swiss"]
[EventRounds "7"]

1. e4 c6 2. d4 d5 3. Nc3 dxe4 4. f3 e5 5. Be3 exd4 6. Bxd4 Be6 7. Nxe4 Nd7 8.
Ne2 Ngf6 9. Nxf6+ Nxf6 10. Nf4 Bd7 11. Qe2+ Qe7 12. Bxf6 gxf6 13. Qxe7+ Bxe7
14. O-O-O O-O-O 15. Bc4 Be8 16. Nh5 Rg8 17. Rde1 Rd7 18. Re2 Kd8 19. Rhe1 b5
20. Bd3 h6 21. Bf5 Rd5 22. Rxe7 Rxf5 23. Rxe8+ Rxe8 24. Rxe8+ Kd7 25. g4 Rxh5
26. Ra8 Rxh2 27. Rxa7+ Ke6 28. Rc7 Kd6 29. Rxf7 Ke5 30. a4 bxa4 31. Re7+ Kf4
32. Re6 Kxf3 33. Rxf6+ Kxg4 34. Rxc6 Rh4 35. Kd2 Kf5 36. Ke3 Re4+ 1/2-1/2

[Event "CXU Obro Nytaar 2012"]
[Site "Copenhagen"]
[Date "2012.12.30"]
[Round "7"]
[White "Percivaldi, Martin"]
[Black "Kirkegaard, Niels"]
[Result "0-1"]
[WhiteElo "2060"]
[BlackElo "1977"]
[PlyCount "64"]
[EventDate "2012.??.??"]
[EventType "swiss"]
[EventRounds "7"]

1. d4 d5 2. c4 c6 3. Nf3 Nf6 4. e3 e6 5. b3 Bb4+ 6. Nbd2 Ne4 7. Bd3 f5 8. O-O
Bd6 9. Bb2 O-O 10. Qc1 Qe7 11. Nb1 b6 12. Ba3 Bb7 13. Bxd6 Qxd6 14. Qb2 Nd7 15.
Nc3 c5 16. Ne2 a6 17. cxd5 exd5 18. Rfd1 Qf6 19. Rab1 Qh6 20. Rbc1 Rae8 21.
dxc5 bxc5 22. Rf1 g5 23. Rcd1 Re7 24. Bc2 f4 25. exf4 gxf4 26. Bxe4 dxe4 27.
Nd2 Rg7 28. g3 f3 29. Nf4 Rxf4 30. Kh1 e3 31. Rde1 Qh3 32. Rg1 Qg2+ 0-1

[Event "CXU Obro Nytaar 2012"]
[Site "Copenhagen"]
[Date "2012.12.30"]
[Round "7"]
[White "Hansen, Rasmus Agertoft"]
[Black "Kirknel, Thomas"]
[Result "0-1"]
[WhiteElo "1982"]
[BlackElo "2125"]
[PlyCount "56"]
[EventDate "2012.??.??"]
[EventType "swiss"]
[EventRounds "7"]

1. d4 Nf6 2. c4 e6 3. Nc3 Bb4 4. e3 O-O 5. Nge2 d5 6. a3 Be7 7. Nf4 b6 8. g4
Bb7 9. Qf3 Qd7 10. h4 c5 11. Bg2 cxd4 12. g5 dxc3 13. gxf6 Bxf6 14. Nh5 Be5 15.
Qe2 cxb2 16. Bxb2 Bxb2 17. Qxb2 f6 18. Rg1 Qf7 19. Bf3 g6 20. cxd5 Bxd5 21.
Bxd5 exd5 22. Rd1 Nc6 23. Qb5 Ne7 24. Ke2 Rad8 25. Rd4 Nf5 26. Rf4 Kh8 27. Qb2
Qe6 28. Rg5 d4 0-1

[Event "CXU Obro Nytaar 2012"]
[Site "Copenhagen"]
[Date "2012.12.30"]
[Round "7"]
[White "Henningson, Hjalte Skov"]
[Black "Olsen, Michael Richard W"]
[Result "1/2-1/2"]
[WhiteElo "1657"]
[BlackElo "1918"]
[PlyCount "88"]
[EventDate "2012.??.??"]
[EventType "swiss"]
[EventRounds "7"]

1. Nf3 g6 2. g3 Bg7 3. d4 Nf6 4. Bg2 O-O 5. O-O d5 6. c4 dxc4 7. Nbd2 c6 8. a4
a5 9. Nxc4 Na6 10. Bd2 Nb4 11. Bxb4 axb4 12. Qd2 Be6 13. Qxb4 Nd5 14. Qd2 b5
15. axb5 cxb5 16. Nce5 Rxa1 17. Rxa1 f6 18. Nd3 Nb6 19. Nc5 Bf7 20. Qa5 e5 21.
Rc1 Re8 22. Nb7 Qe7 23. Qxb6 e4 24. Nd2 e3 25. Ne4 f5 26. Nbd6 exf2+ 27. Kxf2
Rf8 28. Rc7 Qd8 29. Qb7 fxe4 30. Rxf7 Bxd4+ 31. e3 Qxd6 32. Rxf8+ Qxf8+ 33. Ke2
Bxb2 34. Qxb5 Bg7 35. Bxe4 Kh8 36. Qb7 Qa3 37. Qa8+ Qxa8 38. Bxa8 Be5 39. Kf3
Kg7 40. h4 Kf6 41. g4 g5 42. h5 h6 43. Be4 Ke6 44. Bf5+ Kf7 1/2-1/2